00760nam a2200253 a 4500001001300000003000900013005001700022008004100039020002300080082001600103100001700119245003800136260004400174300000900218500003500227505001700262650002700279650001900306700001700325902000800342942000700350952013200357999001700489nice12345678IN_TiNIC20260116013828.0050524s1996 dela grp 000 0 eng  a8171007 c53000a340.11bSIN aSingh, Sujan aLegal and Human Right to Equality aDelhibDeep and Deep Publicationsc1996 a334p aincludes index and biblioraphy2 aIndex, Notes aHuman Rights-Legal Aid aLegal Aid-Poor1 aSingh, Sujan bSRS cBK 001040708StackRoom-aHMIbHMId2007-05-01g530.00l1m2o340.11 SINp017341r2017-11-23s2017-01-23v530.00w2005-05-24yBK c12706d12706